01881nam a2200493 i 450000100060000000300080000600500170001400600190003100700150005000800410006502000270010603500230013303500240015603500250018003500210020504000310022605000210025708000080027808200120028610000390029824501660033726400480050330000410055133600310059233700330062333800430065649000220069950000230072150400290074458801280077359001640090165000170106565000180108265000280110065000300112865000190115865500270117770000280120470000340123279700190126683000230128585600620130899900170137040737FlNmELB20241216221913.0m o d | cr cnu||||||||150225s2005 sp ob 001 0 spa d a9788415179504 (e-book) a(MiAaPQ)EBC3227237 a(Au-PeEL)EBL3227237 a(CaPaEBR)ebr11013173 a(OCoLC)991928639 aFINmELBbspaerdacFINmELB 4aQC523bC957 2005 a5370 a5372231 aCruz Gómez, José Manuel de la.10aInstalaciones de puesta a tierra y protección de sistemas eléctricos /cJosé Manuel de la Cruz Gómez, Jacinto Gallego Calvo, Tarsicio Trujillo del Campo. 1aBarcelona :bEdiciones Experiencia,c[2005] a1 recurso en línea (148 páginas) atextobtxt2rdacontent/spa acomputadorabc2rdamedia/spa arecurso en líneabcr2rdacarrier/spa1 aGuias de bolsillo aContiene índice. aContiene bibliografía. aDescripción basada en recurso en línea; Título de la página del título en PDF (e-libro, visto February 25, 2015). aRecurso electrónico. Santa Fe, Arg.: e-libro, 2015. Disponible vía World Wide Web. El acceso puede estar limitado para las bibliotecas afiliadas a e-libro. 0aElectricity. 4aElectricidad. 0aElectrical engineering. 4aIngeniería eléctrica. 4aElectrotecnia. 4aLibros electrónicos.1 aGallego Calvo, Jacinto.1 aTrujillo del Campo, Tarsicio.2 ae-libro, Corp. 0aGuias de bolsillo.40uhttps://elibro.net/ereader/politecnicointernacional/41984 c40737d40737